000 00716nam a2200289Ia 4500
005 20260324130806.0
008 008 260324s9999 xx 000 0 eng d
020 _a9780203939765
037 _aEBOOK
040 _aCRL
040 _beng
040 _cCRL
041 _2eng
041 _aeng
084 _qCRL
100 _aRichard Keeble; Sharon Wheeler
_91183103
245 4 _aThe Journalistic Imagination
245 0 _bLiterary Journalists from Defoe to Capote and Carter
260 _bTaylor and Francis
260 _c2007
365 _a
365 _b230
856 _uhttp://www.taylorfrancis.com/books/9780203939765
942 _cEBOOK
999 _c1779608
_d1779608